| 000 | 02138 a2200181 4500 | ||
|---|---|---|---|
| 003 | Nust | ||
| 005 | 20170207154029.0 | ||
| 035 | _a(SFX)111035898507460 | ||
| 040 | _cNust | ||
| 082 | _a005.133 | ||
| 245 | 1 | 0 |
_aMitchell Waite Signature Series: Object-Oriented Design in Java9E-BOOK) _h[Elektronisk resurs] |
| 260 |
_bSams _c1998 |
||
| 505 | _aWhat Is Design And Why Is It Needed? Page-10 Object-Oriented Software Development Page-29 Teach Yourself Java In 21 Minutes Page-57 Encapsulation: Classes And Methods Page-98 Designing Classes And Objects Page-144 Round-Trip Design: A Case Study Page-166 Object Relationships: Implementing Associations Page-194 Object Relationships: Compositions And Collections Page-221 Implementing Class Relationships: Inheritance And Interfaces Page-246 Designing With Inheritance And Interfaces: A Case Study Page-281 Patterns: Proven Designs Page-315 Designing Concurrent Objects Page-352 Designing Remote Objects Page-392 Designing Persistent Objects: Database Design And Implementation Page-417 User Interface Design And Implementation Page-440 Designing With Components Page-476 Designing With Class Libraries Page-508 Architectures: Design-In-The-Huge Page-544 | ||
| 651 | _aMitchell Waite Signature Series: Object-Oriented Design in Java9E-BOOK) | ||
| 856 | 4 | 0 | _uhttp://link.libris.kb.se/sfxcthb?url_ver=Z39.88-2004&ctx_ver=Z39.88-2004&ctx_enc=info:ofi/enc:UTF-8&rfr_id=info:sid/sfxit.com:opac_856&url_ctx_fmt=info:ofi/fmt:kev:mtx:ctx&sfx.ignore_date_threshold=1&rft.object_id=111035898507460&svc_val_fmt=info:ofi/fmt:kev:mtx:sch_svc& |
| 856 | 4 | 0 | _uhttp://link.libris.kb.se/sfxkth?url_ver=Z39.88-2004&ctx_ver=Z39.88-2004&ctx_enc=info:ofi/enc:UTF-8&rfr_id=info:sid/sfxit.com:opac_856&url_ctx_fmt=info:ofi/fmt:kev:mtx:ctx&sfx.ignore_date_threshold=1&rft.object_id=111035898507460&svc_val_fmt=info:ofi/fmt:kev:mtx:sch_svc& |
| 856 | 4 | 0 | _uhttp://link.libris.kb.se/sfxliub?url_ver=Z39.88-2004&ctx_ver=Z39.88-2004&ctx_enc=info:ofi/enc:UTF-8&rfr_id=info:sid/sfxit.com:opac_856&url_ctx_fmt=info:ofi/fmt:kev:mtx:ctx&sfx.ignore_date_threshold=1&rft.object_id=111035898507460&svc_val_fmt=info:ofi/fmt:kev:mtx:sch_svc& |
| 942 |
_2ddc _cBK |
||
| 999 |
_c192063 _d192063 |
||